Flagi Państw Azji Południowej - Statystyki

Ogólne statystyki
  • Ten quiz został rozwiązany 463 razy
  • Średni wynik to 7 z 7
Statystyki odpowiedzi
Obrazkowy Odpowiedź % Poprawnych
Indie
100%
Bangladesz
98%
Nepal
98%
Iran
97%
Bhutan
94%
Sri Lanka
93%
Malediwy
83%
Nie znaleziono quizów pasujących do podanych kryteriów
Rozkład punktacji
Procent ludzi z każdym wynikiem
Percentyl według liczby udzielonych odpowiedzi
Twoja historia wyników
Nie rozwiązałeś tego quizu